000 00618nam a22001937a 4500
005 20150615153747.0
010 _aENG-113000
020 _a9788170545613
_c300.00
035 _aEN-96532
037 _bDBAD/PUB
082 _a954.127
100 _aAmbastha, G.S.P.
245 _aEast India Company 1765-1858 :
_ba case study of Palamau /
_cby G.S.P. Ambhastha
260 _aNew Delhi
_bClassical Publishing
_c2012
270 _a28- Shopping Centre, Karampura
_bNew Delhi
_e110015
300 _axi,112p.
_c22cm(Hb)
500 _aIncludes bibliographical references
942 _2ddc
_cEN
_mAMB
_h954.127
999 _c93482
_d93482